Extending results of water table experiments to aerodynamic fields (Record no. 325656)
[ view plain ]
| 000 -LEADER | |
|---|---|
| fixed length control field | 00429 a2200133 4500 |
| 001 - CONTROL NUMBER | |
| control field | 90583 |
| 082 ## - DEWEY DECIMAL CLASSIFICATION NUMBER | |
| Classification number | PR 981 |
| 090 ## - LOCALLY ASSIGNED LC-TYPE CALL NUMBER (OCLC); LOCAL CALL NUMBER (RLIN) | |
| -- | 42919 |
| -- | 42919 |
| 100 ## - MAIN ENTRY--PERSONAL NAME | |
| Personal name | Asif Zubair; Muhammad Ismail; Salman Absar, advisor |
| 245 ## - TITLE STATEMENT | |
| Title | Extending results of water table experiments to aerodynamic fields |
| Name of part/section of a work | CAEG-29 |
| 260 ## - PUBLICATION, DISTRIBUTION, ETC. | |
| Place of publication, distribution, etc. | Karachi |
| Name of publisher, distributor, etc. | University of Karachi |
| Date of publication, distribution, etc. | 1989 |
| 300 ## - PHYSICAL DESCRIPTION | |
| Extent | vi, 101 p. |
| Accompanying material | hand written manuscript |
| 500 ## - GENERAL NOTE | |
| General note | BE Project Reports |
| 942 ## - ADDED ENTRY ELEMENTS (KOHA) | |
| Institution code [OBSOLETE] | CAE NUST |
| Call number prefix | PR 981 |
| Withdrawn status | Lost status | Damaged status | Not for loan | Collection code | Permanent Location | Current Location | Date acquired | Total Checkouts | Full call number | Barcode | Date last seen | Price effective from | Koha item type |
|---|---|---|---|---|---|---|---|---|---|---|---|---|---|
| College of Aeronautical Engineering (CAE) | College of Aeronautical Engineering (CAE) | 04/03/2017 | PR 981 | CAEPR-981 | 04/05/2017 | 04/05/2017 | Book |
